| 000 | 00924nam0a22002891 4500 | ||
|---|---|---|---|
| 001 | v19\rc\1817921 | ||
| 005 | 20260407071511.0 | ||
| 035 | _a(NLR Aleph) 004916352 | ||
| 090 |
_a5531020 _c5531020 |
||
| 100 | _a20071224d1907 |||y0rusy50 ca | ||
| 101 | 0 | _arus | |
| 102 | _aRU | ||
| 105 | _ay z |||a| | ||
| 200 | 1 |
_aВо тьме _eПовесть _fС.Р. Минцлов |
|
| 210 |
_aСанкт-Петербург _cтип. Спб. АО "Слово" _d1907 |
||
| 215 |
_a123 с. _d19 |
||
| 225 | 1 | _aБиблиотека юного читателя | |
| 700 | 1 |
_7ca _8rus _aМинцлов _bС. Р. _f1870-1933 _gСергей Рудольфович _3RU\NLR\AUTH\770278983 _92650950 |
|
| 801 | 0 |
_aRU _bNLR _gpsbo |
|
| 801 | 0 |
_aRU _bRuMoRGB _2psbo |
|
| 801 | 1 |
_aRU _bProSoft-M _2rusmarc |
|
| 852 |
_aNLR _j34.52.7.1463 |
||
| 899 |
_aRuMoRGB _jU 31/81 |
||
| 899 |
_aRuMoRGB _jU 443/508 |
||
| 899 | _aБАН | ||
| 942 | _cBOOK | ||
| 980 | _aNB | ||